La educación en Iberoamérica: a través de las declaraciones de las cumbres de jefes de estado y de gobierno y de las conferencias iberoamericanas de educación

Guardat en:
Dades bibliogràfiques
Autor principal: Bello de Arellano, María Eugenia (Autor)
Format: Llibre
Idioma:espanyol
Publicat: Madrid OEI 1998
Matèries:
Etiquetes: Afegir etiqueta
Sense etiquetes, Sigues el primer a etiquetar aquest registre!

MARC

LEADER 00000nam a2200000 a 4500
001 UCG1838
003 CL-VaPUC
008 100520e19980000SP |||||||||||||||||spa|d
020 |a 8476660979 
082 0 4 |a 306.43  |b BEL  |2 21 
100 0 |a Bello de Arellano, María Eugenia  |e author  |9 549905 
245 1 3 |a La educación en Iberoamérica: a través de las declaraciones de las cumbres de jefes de estado y de gobierno y de las conferencias iberoamericanas de educación 
300 |a 451 p 
942 |c BK 
945 |d 20100520 00:00:00  |a dcastane 
260 |a Madrid  |b OEI  |c 1998 
600 0 7 |a OEI  |2 CL-VaPUC  |9 549906 
600 0 7 |a ORGANIZACION DE ESTADOS IBEROAMERICANOS PARA LA EDUCACION, LA CIENCIA Y LA CULTURA  |2 CL-VaPUC  |9 549907 
650 0 |a Sociología de la educación   |9 260380 
650 0 |a Sistema educativo   |9 382897 
650 0 |a Planificación de la educación   |9 307333 
651 0 |a América Latina   |9 255027 
583 |a last modification  |c 20100520 00:00:00  |k Rodrigo Vera 
999 |c 341097  |d 341095 
952 |0 0  |1 0  |4 0  |6 306_430000000000000_BEL_1998  |7 0  |8 P  |9 436373  |a BIBEDU  |b BIBEDU  |c BIBEDU_PB  |d 2019-11-22  |i 4678311  |o 306.43 BEL 1998  |p 4678311  |r 2024-01-25  |w 2019-11-22  |y BK  |k EPE